| 000 | 00638nam a22002057a 4500 | ||
|---|---|---|---|
| 008 | 151007b xxu||||| |||| 00| 0 eng d | ||
| 020 | _a 2003057578 | ||
| 041 | 0 | _aeng | |
| 080 | _a649.1 | ||
| 100 | 1 | _aMurkoff, Heidi Eisenberg. | |
| 245 | 1 | 0 |
_aWhat to expect the first year / _cHeidi Murkoff, Arlene Eisenberg & Sandee Hathaway. |
| 250 | _a[2nd ed., rev. and updated]. | ||
| 260 |
_aNew York : _bWorkman Pub., _c2003. |
||
| 300 |
_axxv, 806 f. : _bme il.; _c24 cm. |
||
| 650 | 0 | _aKujdesi ndaj fëmijëve | |
| 700 | _aEisenberg, Arlene. | ||
| 700 | _aHathaway, Sandee Eisenberg. | ||
| 700 | _aEisenberg, Arlene. | ||
| 942 |
_2udc _cBK |
||
| 999 |
_c1233 _d1233 |
||